[Event "BL 9293 Solingen-Hamburg"]
[Site "?"]
[Date "1993.??.??"]
[Round "?.1"]
[White "Wahls, M."]
[Black "Chandler, M."]
[Result "1/2-1/2"]
[WhiteElo "2525"]
[BlackElo "2555"]
[PlyCount "90"]
[EventDate "1993.??.??"]

1. e4 c5 2. Nf3 Nc6 3. Bb5 e6 4. O-O Nge7 5. c3 a6 6. Ba4 b5 7. Bc2 Bb7 8. a4
b4 9. h4 d5 10. d3 dxe4 11. dxe4 Qxd1 12. Rxd1 Na5 13. Nbd2 Nec6 14. e5 Rd8 15.
Re1 Be7 16. Ne4 b3 17. Bb1 Nc4 18. Bg5 Rd5 19. Ned2 N6xe5 20. Nxe5 Nxd2 21.
Bxd2 Rxd2 22. Nc4 Rd7 23. Ne5 Rc7 24. g3 Bf6 25. Nc4 O-O 26. Be4 Bd5 27. Nb6
Bxe4 28. Rxe4 Rd8 29. Kf1 g6 30. Ke1 Rb8 31. a5 Kg7 32. Ra3 Rc6 33. Rxb3 Bd8
34. Kd2 Bxb6 35. Rxb6 Rbxb6 36. axb6 Rxb6 37. Kc2 Kf6 38. Rc4 Rb5 39. Ra4 a5
40. b3 Ke5 41. f4+ Kd6 42. c4 Rb7 43. Rxa5 h5 44. Kc3 Kc6 45. Ra6+ Kd7 1/2-1/2

[Event "BL 9293 Solingen-Hamburg"]
[Site "?"]
[Date "1993.??.??"]
[Round "?.2"]
[White "Podzielny, KH."]
[Black "Ftacnik, L."]
[Result "1-0"]
[WhiteElo "2450"]
[BlackElo "2535"]
[PlyCount "75"]
[EventDate "1993.??.??"]

1. Nf3 Nf6 2. c4 c5 3. g3 b6 4. Bg2 Bb7 5. O-O e6 6. Nc3 Be7 7. Re1 d5 8. cxd5
exd5 9. d4 O-O 10. Bg5 Na6 11. Rc1 h6 12. Be3 Re8 13. Qa4 cxd4 14. Nxd4 Nc5 15.
Qc2 Ng4 16. Bf4 Bf6 17. Nf5 Ne6 18. Qd2 Nxf4 19. Qxf4 h5 20. Nd6 g5 21. Nxb7
gxf4 22. Nxd8 fxg3 23. hxg3 Raxd8 24. Nxd5 Bxb2 25. Rc7 Kf8 26. Rxa7 Re5 27.
Nf4 Bc3 28. Rc1 Bd4 29. Rf1 Rc5 30. Bf3 Nf6 31. Kg2 h4 32. gxh4 Rf5 33. Nh3 Bc5
34. Ng5 Be7 35. Rc1 Ne8 36. Nh7+ Kg7 37. Rxe7 Kxh7 38. Be4 1-0

[Event "BL 9293 Solingen-Hamburg"]
[Site "?"]
[Date "1993.??.??"]
[Round "?.3"]
[White "Mueller, Ka"]
[Black "Zysk, R."]
[Result "1/2-1/2"]
[WhiteElo "2490"]
[BlackElo "2440"]
[PlyCount "82"]
[EventDate "1993.??.??"]

1. e4 e6 2. d4 d5 3. Nd2 c5 4. Ngf3 Nf6 5. exd5 exd5 6. Be2 Nc6 7. O-O c4 8.
Re1 Be7 9. b3 cxb3 10. axb3 O-O 11. Bd3 Bg4 12. c3 Rc8 13. b4 Bd6 14. Nf1 Re8
15. Rxe8+ Qxe8 16. Ne3 Bh5 17. b5 Ne7 18. Bb2 Bb8 19. h3 Qd7 20. g4 Bg6 21. Bf1
Be4 22. Ne5 Qe6 23. f3 Bg6 24. f4 Be4 25. Qe1 Qb6 26. g5 Nh5 27. Qh4 g6 28. Be2
Nf5 29. Nxf5 Bxf5 30. Rf1 Qe6 31. Bxh5 gxh5 32. Qxh5 Bxe5 33. fxe5 Qg6 34.
Qxg6+ hxg6 35. Ra1 Ra8 36. b6 a6 37. Ra5 Be6 38. h4 Rc8 39. Rc5 Rxc5 40. dxc5
Bd7 41. Kf2 Bc6 1/2-1/2

[Event "BL 9293 Solingen-Hamburg"]
[Site "?"]
[Date "1993.??.??"]
[Round "?.4"]
[White "Reeh, O."]
[Black "Maus, So"]
[Result "1-0"]
[WhiteElo "2435"]
[BlackElo "2420"]
[PlyCount "127"]
[EventDate "1993.??.??"]

1. e4 Nf6 2. e5 Nd5 3. d4 d6 4. Nf3 dxe5 5. Nxe5 g6 6. Bc4 c6 7. h4 Nd7 8. Nxd7
Bxd7 9. h5 Bg7 10. c3 Qc7 11. Nd2 O-O-O 12. Ne4 e5 13. h6 Bf8 14. Bg5 Re8 15.
O-O Be7 16. Bxd5 cxd5 17. Nf6 Qc6 18. dxe5 Rd8 19. Ne4 Rhe8 20. Nd6+ Kb8 21.
Nxf7 Bxg5 22. Nxg5 Rxe5 23. Nf7 Rh5 24. Nxd8 Qc7 25. f4 Qxd8 26. Qe1 Qf8 27.
Qg3 Qxh6 28. Rfe1 Bf5 29. Re8+ Kc7 30. Rae1 Rh4 31. Qg5 Qxg5 32. fxg5 Be4 33.
Re7+ Kb6 34. Rf1 Rg4 35. Rf6+ Kb5 36. Rxb7+ Kc4 37. Rf2 Rxg5 38. Rxh7 a5 39.
Rd2 Kc5 40. Rc7+ Kb6 41. Re7 Rg4 42. Kh2 Kc6 43. Re6+ Kc5 44. a4 Bf5 45. Ra6
Rxa4 46. b4+ Kc4 47. Rxa5 Kxc3 48. Rdxd5 Rxb4 49. Rac5+ Kb3 50. Rxf5 gxf5 51.
Rxf5 Kc3 52. Rd5 Rh4+ 53. Kg3 Rh8 54. Kf4 Kc4 55. Rf5 Kd4 56. g4 Re8 57. g5
Re4+ 58. Kf3 Re1 59. Ra5 Rf1+ 60. Kg4 Ke4 61. g6 Rg1+ 62. Kh5 Kf4 63. Kh6 Rh1+
64. Rh5 1-0

[Event "BL 9293 Solingen-Hamburg"]
[Site "?"]
[Date "1993.??.??"]
[Round "?.5"]
[White "Michaelsen, N."]
[Black "Schaefer, Ma"]
[Result "1-0"]
[WhiteElo "2415"]
[BlackElo "2430"]
[PlyCount "79"]
[EventDate "1993.??.??"]

1. d4 Nf6 2. c4 g6 3. Nc3 Bg7 4. e4 d6 5. f4 O-O 6. Nf3 Na6 7. Be2 e5 8. fxe5
dxe5 9. d5 c6 10. O-O cxd5 11. cxd5 Qb6+ 12. Kh1 Ne8 13. b4 Qc7 14. Nb5 Qd8 15.
d6 Bd7 16. Bg5 f6 17. Nxe5 Bxb5 18. Bxb5 Qxd6 19. Qb3+ Kh8 20. Nxg6+ hxg6 21.
Qh3+ Kg8 22. Bc4+ Rf7 23. Rad1 Qc6 24. Qb3 Qc7 25. e5 Kf8 26. Bxf7 Qxf7 27. e6
Qc7 28. Rd7 Qe5 29. e7+ Qxe7 30. Rxe7 Kxe7 31. Bh4 Nac7 32. Bg3 Rd8 33. Bxc7
Nxc7 34. Qe3+ Ne6 35. Qxa7 f5 36. Qxb7+ Rd7 37. Qb5 Bc3 38. a4 Rd4 39. Rb1 Kf6
40. a5 1-0

[Event "BL 9293 Solingen-Hamburg"]
[Site "?"]
[Date "1993.??.??"]
[Round "?.6"]
[White "Thesing, M."]
[Black "Reefschlaeger, H."]
[Result "1-0"]
[WhiteElo "2385"]
[BlackElo "2395"]
[PlyCount "51"]
[EventDate "1993.??.??"]

1. e4 d5 2. exd5 Qxd5 3. Nc3 Qa5 4. d4 c6 5. Bc4 Bf5 6. Qe2 Nf6 7. Bd2 e6 8. d5
cxd5 9. Nxd5 Qd8 10. Nxf6+ Qxf6 11. O-O-O Nc6 12. g4 Bxc2 13. Kxc2 Nd4+ 14. Kb1
Nxe2 15. Bb5+ Kd8 16. Bg5+ Kc7 17. Bxf6 Nxg1 18. Bc3 a6 19. Rd7+ Kc8 20. Rxg1
axb5 21. Rgd1 Bc5 22. Bxg7 Rg8 23. Rxf7 Ra4 24. Be5 Bb6 25. b3 Raxg4 26. Rc1+
1-0

[Event "BL 9293 Solingen-Hamburg"]
[Site "?"]
[Date "1993.??.??"]
[Round "?.7"]
[White "Wegner, H."]
[Black "Schmidt, B."]
[Result "1/2-1/2"]
[WhiteElo "2370"]
[BlackElo "2340"]
[PlyCount "129"]
[EventDate "1993.??.??"]

1. c4 Nf6 2. Nc3 c6 3. e4 d5 4. cxd5 cxd5 5. d4 e6 6. Nf3 Be7 7. exd5 Nxd5 8.
Bd3 Nc6 9. O-O O-O 10. Re1 Bf6 11. Be4 Nce7 12. Ne5 Bd7 13. Qd3 g6 14. Bh6 Bg7
15. Bxg7 Kxg7 16. Bxd5 exd5 17. Re2 Bf5 18. Qd2 f6 19. Nd3 Bxd3 20. Qxd3 Qd7
21. Rae1 Nc6 22. g3 Rf7 23. Kg2 Re7 24. Rxe7+ Nxe7 25. h4 Nc6 26. h5 Rd8 27.
Qe3 gxh5 28. Rh1 Re8 29. Qd3 Qf7 30. Qd1 Rd8 31. Ne2 Qg6 32. Nf4 Qf7 33. Rxh5
Ne7 34. Qg4+ Kh8 35. Qf3 Rd6 36. Qa3 Nc8 37. Qc5 Rc6 38. Qxd5 Qxd5+ 39. Rxd5
Rd6 40. Rxd6 Nxd6 41. Nh5 Ne8 42. Kf3 Kg8 43. Ke4 Kf7 44. Kd5 Ke7 45. Nf4 Nc7+
46. Kc5 Na6+ 47. Kc4 Kd6 48. Nd5 Ke6 49. f3 Nb8 50. Ne3 Nd7 51. Kd3 Nb6 52. b3
f5 53. f4 Nd5 54. Nxd5 Kxd5 55. a4 b6 56. Kc3 a6 57. Kd3 h5 58. Ke3 Kc6 59. Kd2
Kd5 60. Kd3 b5 61. Kc3 Ke4 62. Kb4 Kxd4 63. Ka5 Kc3 64. axb5 axb5 65. Kxb5
1/2-1/2

[Event "BL 9293 Solingen-Hamburg"]
[Site "?"]
[Date "1993.??.??"]
[Round "?.8"]
[White "Serrer, C."]
[Black "Heinemann, T."]
[Result "1/2-1/2"]
[WhiteElo "2275"]
[BlackElo "2390"]
[PlyCount "141"]
[EventDate "1993.??.??"]

1. Nf3 c5 2. c4 Nf6 3. Nc3 b6 4. g3 Bb7 5. Bg2 e6 6. O-O Be7 7. d4 cxd4 8. Qxd4
d6 9. Rd1 a6 10. b3 Nbd7 11. e4 O-O 12. Ba3 Nc5 13. e5 dxe5 14. Qxd8 Rfxd8 15.
Nxe5 Bxg2 16. Kxg2 Bf8 17. Bxc5 bxc5 18. Na4 Rd6 19. Rxd6 Bxd6 20. Nd7 Rc8 21.
Rd1 Ne8 22. Nc3 f5 23. f4 Kf7 24. Nb6 Rc6 25. Nba4 Nf6 26. Kf3 h6 27. Ne2 Ke7
28. Nac3 Bc7 29. Rd3 g5 30. Rd1 Rd6 31. Rxd6 Bxd6 32. h3 e5 33. fxe5 Bxe5 34.
g4 Ke6 35. Na4 Nd7 36. Nc1 Bd6 37. Nd3 a5 38. Nab2 Bf8 39. Nd1 Ne5+ 40. Nxe5
Kxe5 41. Ke3 Bd6 42. Nf2 Kf6 43. Nd3 Kg6 44. a3 h5 45. Kf3 hxg4+ 46. hxg4 Kf6
47. Nf2 Ke5 48. Ke3 Ke6 49. Kf3 Bf8 50. Nd3 Kf6 51. Nf2 Ke5 52. Ke3 fxg4 53.
Nxg4+ Kf5 54. Kf3 Bg7 55. Ne3+ Ke5 56. Nd5 Kd4 57. Kg4 Kd3 58. Ne7 Bf6 59. Nc6
a4 60. bxa4 Kxc4 61. Kf5 Bb2 62. Ne5+ Bxe5 63. Kxe5 g4 64. Kf4 Kd5 65. Kxg4 c4
66. Kf3 c3 67. Ke2 Kc4 68. Kd1 Kb3 69. Kc1 Kxa4 70. Kc2 Kxa3 71. Kxc3 1/2-1/2

[Event "BL 9293 Dortmund-Delmenhorst"]
[Site "?"]
[Date "1993.??.??"]
[Round "?.1"]
[White "Hausner, I."]
[Black "Dolmatov, S."]
[Result "0-1"]
[WhiteElo "2480"]
[BlackElo "2615"]
[PlyCount "88"]
[EventDate "1993.??.??"]

1. c4 Nf6 2. d4 g6 3. Nc3 Bg7 4. e4 d6 5. Be2 O-O 6. Nf3 e5 7. O-O Nc6 8. d5
Ne7 9. Ne1 Nd7 10. Be3 f5 11. f3 f4 12. Bf2 g5 13. a4 Ng6 14. a5 h5 15. b4 Nf6
16. h3 Rf7 17. c5 Bf8 18. c6 Rh7 19. b5 b6 20. axb6 cxb6 21. Ra3 Qc7 22. Nd3 g4
23. fxg4 hxg4 24. hxg4 Qg7 25. Bxb6 Qh6 26. Ne1 Qh2+ 27. Kf2 Qg3+ 28. Kg1 Nxg4
29. Bxg4 Bxg4 30. Qd2 Qh2+ 31. Kf2 Qh4+ 32. Kg1 Be7 33. Nf3 Qh1+ 34. Kf2 Bh4+
35. Nxh4 Qxh4+ 36. Kg1 Qh2+ 37. Kf2 Nh4 38. Rg1 Nf3 39. Qc1 Qg3+ 40. Ke2 Nxg1+
41. Kd2 Qxg2+ 42. Kd3 Be2+ 43. Kc2 Bxb5+ 44. Kb3 Ne2 0-1

[Event "BL 9293 Dortmund-Delmenhorst"]
[Site "?"]
[Date "1993.??.??"]
[Round "?.2"]
[White "Schmittdiel, E."]
[Black "Pekarek, A."]
[Result "1-0"]
[WhiteElo "2450"]
[BlackElo "2440"]
[PlyCount "81"]
[EventDate "1993.??.??"]

1. c4 c5 2. g3 g6 3. Bg2 Bg7 4. Nc3 Nf6 5. a3 O-O 6. e3 d6 7. Nge2 Nbd7 8. d3
Rb8 9. Rb1 Ne5 10. O-O Bd7 11. h3 a6 12. b4 cxb4 13. axb4 b5 14. cxb5 axb5 15.
e4 Rc8 16. Be3 Bc6 17. Nd4 Ba8 18. Ncxb5 Qd7 19. f4 h5 20. Qe2 Neg4 21. hxg4
Nxg4 22. Bh3 e5 23. Bxg4 hxg4 24. f5 exd4 25. Nxd4 Rfe8 26. f6 Bf8 27. Nf5 Re5
28. Qxg4 Rxf5 29. Rxf5 d5 30. Rg5 Qxg4 31. Rxg4 dxe4 32. dxe4 Rc2 33. Bc5 Bh6
34. Rd1 Bc6 35. Rh4 Rc1 36. Rxc1 Bxc1 37. Bf8 Bg5 38. Bg7 Bxh4 39. gxh4 Bxe4
40. Kf2 Bb7 41. Ke3 1-0

[Event "BL 9293 Dortmund-Delmenhorst"]
[Site "?"]
[Date "1993.??.??"]
[Round "?.3"]
[White "Hermann, Man"]
[Black "Heyken, E."]
[Result "1-0"]
[WhiteElo "2400"]
[BlackElo "2375"]
[PlyCount "147"]
[EventDate "1993.??.??"]

1. e4 e6 2. d4 d5 3. Nc3 Nf6 4. Bg5 Be7 5. e5 Nfd7 6. Bxe7 Qxe7 7. f4 a6 8. Nf3
b6 9. Qd2 c5 10. Nd1 Nc6 11. Ne3 Bb7 12. c3 f5 13. Bd3 O-O-O 14. Rb1 h6 15. b4
cxd4 16. Nxd4 Nxd4 17. cxd4 g5 18. O-O gxf4 19. Rxf4 Qg5 20. Rbf1 Kb8 21. g3 h5
22. Ng2 Rdg8 23. Nh4 Qe7 24. a3 Rg5 25. Rc1 Rhg8 26. Nf3 R5g7 27. Nh4 Rg4 28.
Rxg4 Rxg4 29. Nf3 f4 30. Kf2 fxg3+ 31. hxg3 Qg7 32. Rg1 Ka7 33. a4 Nf8 34. Qc3
Kb8 35. a5 Nd7 36. b5 axb5 37. Bxb5 h4 38. gxh4 Rxg1 39. Nxg1 bxa5 40. Bxd7
Qxd7 41. Qxa5 Qf7+ 42. Nf3 Bc8 43. Qb6+ Ka8 44. Qd8 Kb7 45. Qf6 Qh7 46. Qg5 Bd7
47. h5 Be8 48. h6 Qc2+ 49. Kg3 Bg6 50. Qe7+ Kb8 51. Qxe6 Be4 52. Qb6+ Ka8 53.
Qa6+ Kb8 54. Qb5+ Ka8 55. Qa5+ Kb8 56. Qb5+ Ka8 57. h7 Bxh7 58. Qxd5+ Kb8 59.
e6 Qg6+ 60. Kf2 Qc2+ 61. Kg3 Qg6+ 62. Ng5 Bg8 63. Qe5+ Kc8 64. Kf4 Qh5 65. Qc5+
Kb7 66. e7 Qh4+ 67. Kf5 Bh7+ 68. Nxh7 Qxh7+ 69. Ke6 Qh3+ 70. Kd6 Qh6+ 71. Kd7
Qg7 72. Qb5+ Ka8 73. Qe5 Qf7 74. Kd8 1-0

[Event "BL 9293 Dortmund-Delmenhorst"]
[Site "?"]
[Date "1993.??.??"]
[Round "?.4"]
[White "Smagin, S."]
[Black "Borik, O."]
[Result "1-0"]
[WhiteElo "2520"]
[BlackElo "2390"]
[PlyCount "105"]
[EventDate "1993.??.??"]

1. e4 c5 2. c3 d6 3. d4 Nf6 4. Bd3 Nc6 5. Nf3 Bg4 6. d5 Bxf3 7. Qxf3 Ne5 8.
Bb5+ Ned7 9. O-O g6 10. Nd2 Bg7 11. a4 O-O 12. a5 Ne8 13. Qh3 Ndf6 14. a6 b6
15. Re1 Nc7 16. Bc6 Rb8 17. Nf3 Qc8 18. Qxc8 Rbxc8 19. Bg5 h6 20. Bxf6 Bxf6 21.
e5 Bg7 22. Bb7 Rce8 23. Kf1 f6 24. exd6 exd6 25. Nd2 Rxe1+ 26. Rxe1 Re8 27. Ne4
Rd8 28. g4 Kf7 29. h4 Bf8 30. Bc6 Be7 31. Ng3 Rg8 32. Bd7 f5 33. gxf5 Bxh4 34.
Be6+ Nxe6 35. Rxe6 Bxg3 36. fxg3 gxf5 37. Rxd6 Ke7 38. Re6+ Kd7 39. Kf2 Rg4 40.
Rxh6 f4 41. Rh7+ Kd6 42. Rxa7 fxg3+ 43. Kg2 Ra4 44. c4 Rxc4 45. Ra8 Ra4 46. a7
Kxd5 47. Rd8+ Kc4 48. a8=Q Rxa8 49. Rxa8 Kb3 50. Rb8 Kxb2 51. Rxb6+ Kc3 52.
Kxg3 c4 53. Kf2 1-0

[Event "BL 9293 Dortmund-Delmenhorst"]
[Site "?"]
[Date "1993.??.??"]
[Round "?.5"]
[White "Schlemermeyer, W."]
[Black "Stein, B."]
[Result "1/2-1/2"]
[WhiteElo "2335"]
[BlackElo "2375"]
[PlyCount "45"]
[EventDate "1993.??.??"]

1. e4 c5 2. Nf3 e6 3. d4 cxd4 4. Nxd4 Nf6 5. Nc3 Nc6 6. Ndb5 Bb4 7. a3 Bxc3+ 8.
Nxc3 d5 9. exd5 exd5 10. Bd3 O-O 11. O-O d4 12. Ne2 Qd5 13. Nf4 Qd6 14. Nh5 Ng4
15. Bf4 Qd5 16. Ng3 Be6 17. Re1 Rad8 18. h3 Nf6 19. Qd2 Bc8 20. Bg5 Rd6 21. Ne4
Nxe4 22. Bxe4 Qb5 23. Bf4 1/2-1/2

[Event "BL 9293 Dortmund-Delmenhorst"]
[Site "?"]
[Date "1993.??.??"]
[Round "?.6"]
[White "Buecker, S."]
[Black "Breutigam, M."]
[Result "0-1"]
[WhiteElo "2365"]
[BlackElo "2320"]
[PlyCount "70"]
[EventDate "1993.??.??"]

1. e4 e6 2. Nf3 d5 3. e5 c5 4. b4 cxb4 5. a3 Nc6 6. axb4 Bxb4 7. c3 Be7 8. d4
Bd7 9. Bd3 Na5 10. Qc2 Qb6 11. Nbd2 Bb5 12. O-O Rc8 13. Ba3 Bxd3 14. Qxd3 Bxa3
15. Rxa3 Ne7 16. Rb1 Qc7 17. Qb5+ Nec6 18. c4 a6 19. Qb2 dxc4 20. Ne4 O-O 21.
Nfg5 h6 22. Rh3 Rfd8 23. Nf3 Nxd4 24. Nf6+ gxf6 25. Nxd4 Qxe5 26. Rg3+ Kf8 27.
Qa3+ Qc5 28. Nxe6+ fxe6 29. Qc1 Qh5 30. Rh3 Qg5 31. Qa3+ Kf7 32. Rg3 Rd3 33.
Qa4 Qd5 34. Rg4 Rd8 35. h4 Rd1+ 0-1

[Event "BL 9293 Dortmund-Delmenhorst"]
[Site "?"]
[Date "1993.??.??"]
[Round "?.7"]
[White "Meyer, Ho"]
[Black "Busch, K."]
[Result "0-1"]
[WhiteElo "2330"]
[BlackElo "2385"]
[PlyCount "110"]
[EventDate "1993.??.??"]

1. d4 Nf6 2. c4 c5 3. e3 g6 4. Nf3 Bg7 5. Be2 O-O 6. O-O b6 7. Nc3 e6 8. a3 Bb7
9. b4 d6 10. Qc2 Nbd7 11. Rb1 a6 12. Rd1 cxd4 13. exd4 Qc7 14. Qd3 Rfe8 15. d5
exd5 16. cxd5 Ng4 17. Bb2 b5 18. Ne4 Bxb2 19. Rxb2 Qb6 20. Bf1 Ndf6 21. Nc3
Rac8 22. Ng5 Re5 23. Nge4 Nxe4 24. Nxe4 Rxd5 25. Qe2 Rxd1 26. Qxd1 Bxe4 27.
Qxg4 Bf5 28. Qd1 Be6 29. Rd2 d5 30. g3 Rc3 31. Kg2 Rxa3 32. h4 h5 33. Be2 Qd6
34. Rd4 Ra2 35. Bf3 Rb2 36. Qe1 Rc2 37. Qe3 Rc4 38. Rd1 Rxb4 39. Qg5 Kh7 40.
Bxd5 Bxd5+ 41. Rxd5 Qc6 42. Kh2 Rb2 43. Rd2 Rb1 44. Qd5 Qxd5 45. Rxd5 a5 46.
Rd7 Kg7 47. Ra7 a4 48. Kg2 Rb3 49. Kf1 a3 50. Ke2 b4 51. Kd1 Rb2 52. Kc1 Rxf2
53. Kb1 a2+ 54. Ka1 b3 55. Rxf7+ Kxf7 0-1

[Event "BL 9293 Dortmund-Delmenhorst"]
[Site "?"]
[Date "1993.??.??"]
[Round "?.8"]
[White "Illner, A."]
[Black "Wesseln, K."]
[Result "1/2-1/2"]
[WhiteElo "2320"]
[BlackElo "2340"]
[PlyCount "67"]
[EventDate "1993.??.??"]

1. e4 c5 2. Nf3 Nc6 3. d4 cxd4 4. Nxd4 g6 5. c4 Bg7 6. Be3 Nf6 7. Nc3 Ng4 8.
Qxg4 Nxd4 9. Qd1 e5 10. Bd3 O-O 11. O-O b6 12. Ne2 Bb7 13. Qd2 f5 14. Bxd4 exd4
15. exf5 gxf5 16. f4 Kh8 17. Ng3 d5 18. Rae1 dxc4 19. Bxc4 Rc8 20. Be6 Rc5 21.
b4 Rc3 22. Nxf5 Qc7 23. Rc1 Rd8 24. Nxg7 Rxc1 25. Rxc1 Qxg7 26. f5 d3 27. Rf1
Qd4+ 28. Qf2 Qf6 29. Rd1 Be4 30. g4 Rd4 31. Qe3 Rxb4 32. Rc1 Bb7 33. h3 Qb2 34.
Bd5 1/2-1/2

[Event "BL 9293 Hamburg-Dortmund"]
[Site "?"]
[Date "1993.??.??"]
[Round "?.1"]
[White "Dolmatov, S."]
[Black "Wahls, M."]
[Result "1-0"]
[WhiteElo "2615"]
[BlackElo "2525"]
[PlyCount "73"]
[EventDate "1993.??.??"]

1. e4 d5 2. exd5 Qxd5 3. Nc3 Qa5 4. d4 c6 5. Nf3 Nf6 6. Bd2 Bf5 7. Bc4 e6 8.
Qe2 Bb4 9. O-O-O Nbd7 10. Kb1 O-O-O 11. a3 Bxc3 12. Bxc3 Qc7 13. Bd2 Nd5 14.
Nh4 Bg6 15. Bb3 N7f6 16. Nxg6 hxg6 17. g3 Qb6 18. Ka2 Ne7 19. c3 Kb8 20. h4 Ka8
21. Bg5 Rhe8 22. Qf3 Neg8 23. Rhe1 Rd7 24. Re5 Red8 25. a4 Rc8 26. a5 Qa6 27.
Kb1 Nd5 28. Bd2 Ngf6 29. g4 Ne8 30. c4 Ndf6 31. g5 Ng8 32. d5 exd5 33. cxd5 c5
34. d6 Nxd6 35. Bf4 Rdd8 36. Red5 Rc6 37. Ba4 1-0

[Event "BL 9293 Hamburg-Dortmund"]
[Site "?"]
[Date "1993.??.??"]
[Round "?.2"]
[White "Ftacnik, L."]
[Black "Schmittdiel, E."]
[Result "1-0"]
[WhiteElo "2535"]
[BlackElo "2450"]
[PlyCount "89"]
[EventDate "1993.??.??"]

1. d4 e6 2. c4 Nf6 3. Nf3 Bb4+ 4. Nbd2 b6 5. a3 Bxd2+ 6. Bxd2 Bb7 7. g3 Ne4 8.
Be3 d6 9. Bg2 Nd7 10. Qc2 Qc8 11. O-O O-O 12. Rfd1 Nef6 13. d5 exd5 14. cxd5
Bxd5 15. Rxd5 Nxd5 16. Ng5 N5f6 17. Bxa8 Qxa8 18. Qxc7 Qd5 19. Rc1 Ne5 20. Qc2
h6 21. Nh3 Neg4 22. Nf4 Qe5 23. Bd2 Nd5 24. Rd1 Re8 25. e4 Nxf4 26. Bxf4 Qh5
27. f3 Ne5 28. Bxe5 Rxe5 29. Kg2 d5 30. g4 Qg5 31. h4 Qxh4 32. Qc8+ Kh7 33.
Rxd5 Qf6 34. Qc2 g6 35. Qc3 Re6 36. Qxf6 Rxf6 37. Rd7 a5 38. e5 Rc6 39. Rxf7+
Kg8 40. Rb7 Rc2+ 41. Kg3 Rxb2 42. f4 Rb3+ 43. Kf2 a4 44. Ra7 Rxa3 45. e6 1-0

[Event "BL 9293 Hamburg-Dortmund"]
[Site "?"]
[Date "1993.??.??"]
[Round "?.3"]
[White "Heyken, E."]
[Black "Mueller, Ka"]
[Result "1-0"]
[WhiteElo "2375"]
[BlackElo "2490"]
[PlyCount "217"]
[EventDate "1993.??.??"]

1. e4 d5 2. exd5 Qxd5 3. Nc3 Qa5 4. d4 c6 5. Nf3 Nf6 6. Bd2 Bf5 7. Bc4 e6 8.
Qe2 Bb4 9. O-O-O Nbd7 10. Kb1 O-O-O 11. a3 Bxc3 12. Bxc3 Qc7 13. Bd2 Nd5 14.
Nh4 Bg6 15. Bb3 N7f6 16. Nxg6 hxg6 17. g3 Qb6 18. Ka2 Ne7 19. c3 Rh5 20. Bc1
Kb8 21. h4 Ka8 22. Bg5 Qb5 23. Bc4 Qb6 24. Qf3 Neg8 25. g4 Rh8 26. h5 gxh5 27.
gxh5 Nh6 28. Bxf6 gxf6 29. Qxf6 Qa5 30. Rdg1 Qf5 31. Qxf5 Nxf5 32. Bd3 Nh6 33.
Be4 Rdg8 34. f4 Kb8 35. Rg5 Kc7 36. Rhg1 Kd6 37. Kb3 Ke7 38. Kc2 Rd8 39. b4 Rd7
40. Rg7 Kf6 41. R1g5 Rc8 42. Kd3 Ke7 43. Rg2 Rh8 44. a4 Kf6 45. R7g5 Rc8 46. a5
b6 47. Ke3 Rdc7 48. a6 Rd8 49. Rg7 Rb8 50. Kf3 Rcc8 51. R7g5 Rc7 52. Ke3 Rcc8
53. c4 Rc7 54. Rd2 Rd8 55. Rd3 Rdc8 56. Kf3 Rd8 57. Rg1 Rcc8 58. Rgd1 Ke7 59.
Ke2 Kf6 60. Rg1 Rc7 61. Rg5 Re8 62. Kf3 Rd8 63. Rd2 Rcc8 64. Ke3 Rc7 65. Rd3
Re8 66. Kd2 Rd8 67. Kc3 Rdc8 68. Rdg3 Rd8 69. c5 b5 70. Rg7 Rh8 71. Rg1 Rcc8
72. R7g5 Rc7 73. Re5 Rcc8 74. Reg5 Rc7 75. R5g2 Rcc8 76. Rf2 Rc7 77. f5 Nxf5
78. Bxf5 exf5 79. d5 Rxh5 80. d6 Rd7 81. Rgf1 Rg5 82. Rf3 Rh5 83. Re1 Rh8 84.
Kd3 Rh4 85. Kc3 Rh8 86. Ref1 Rh5 87. Kd3 Rg5 88. Rh1 Rg4 89. Kc3 Rd8 90. Rhf1
Rg5 91. Re1 Rg2 92. Ref1 Rg5 93. Kb3 Rh5 94. Re1 Rh2 95. Rd3 Rd7 96. Re8 Rh1
97. Rc8 Rb1+ 98. Kc3 Rc1+ 99. Kd2 Rc4 100. Rxc6 Rxb4 101. Rc8 Rb2+ 102. Kc1 Rb4
103. c6 Rc4+ 104. Kd2 Rxc6 105. Rxc6 Ke6 106. Rc7 f4 107. Rxd7 Kxd7 108. Ke2 b4
109. Kf3 1-0

[Event "BL 9293 Hamburg-Dortmund"]
[Site "?"]
[Date "1993.??.??"]
[Round "?.5"]
[White "Stein, B."]
[Black "Michaelsen, N."]
[Result "1/2-1/2"]
[WhiteElo "2375"]
[BlackElo "2415"]
[PlyCount "35"]
[EventDate "1993.??.??"]

1. b3 Nf6 2. Bb2 c5 3. c4 e6 4. Nf3 b6 5. g3 Bb7 6. Bg2 Be7 7. O-O O-O 8. e3 a6
9. Qe2 Ra7 10. Rd1 d6 11. Nc3 Re8 12. Rac1 Nbd7 13. d4 cxd4 14. exd4 Bf8 15. h3
Qa8 16. Kh2 Ne4 17. Nxe4 Bxe4 18. Ne1 1/2-1/2

[Event "BL 9293 Hamburg-Dortmund"]
[Site "?"]
[Date "1993.??.??"]
[Round "?.6"]
[White "Reefschlaeger, H."]
[Black "Buecker, S."]
[Result "0-1"]
[WhiteElo "2395"]
[BlackElo "2365"]
[PlyCount "86"]
[EventDate "1993.??.??"]

1. e4 d5 2. Nc3 d4 3. Nce2 Nf6 4. d3 e5 5. Nf3 Nc6 6. g3 Be7 7. Bg2 O-O 8. O-O
Ne8 9. c3 dxc3 10. bxc3 Nd6 11. d4 f6 12. Nd2 b6 13. f4 Ba6 14. Nb3 Bc4 15. Be3
Qe8 16. Rf2 Bf7 17. Qd3 Nc4 18. Raf1 Nxe3 19. Qxe3 Bd6 20. Bh3 Bc4 21. Nd2 exd4
22. cxd4 Bxa2 23. Bg2 Rd8 24. Nc3 Bf7 25. Nb5 Bb4 26. e5 Qd7 27. Ne4 a6 28.
exf6 axb5 29. fxg7 Kxg7 30. f5 Qxd4 31. f6+ Kh8 32. Qh6 Rg8 33. Ng5 Rxg5 34.
Qxg5 Rg8 35. Qc1 Ne5 36. Qxc7 Nd3 37. Qxf7 Nxf2 38. Bd5 Ng4+ 39. Kh1 Nh6 40.
Qh5 Rd8 41. Bg2 Ng4 42. f7 Ne3 43. Rb1 Qd1+ 0-1

[Event "BL 9293 Hamburg-Dortmund"]
[Site "?"]
[Date "1993.??.??"]
[Round "?.7"]
[White "Busch, K."]
[Black "Wegner, H."]
[Result "1/2-1/2"]
[WhiteElo "2385"]
[BlackElo "2370"]
[PlyCount "56"]
[EventDate "1993.??.??"]

1. Nf3 Nf6 2. c4 c5 3. g3 Nc6 4. Bg2 g6 5. d4 cxd4 6. Nxd4 Bg7 7. Nc3 O-O 8.
O-O d6 9. Nxc6 bxc6 10. Bxc6 Rb8 11. Bg2 Qa5 12. Nb5 Bb7 13. Bxb7 Rxb7 14. Bd2
Qa6 15. Bc3 Rc8 16. a4 Rxc4 17. b3 Rc8 18. Rc1 Ne4 19. Bb4 Nc5 20. Bxc5 dxc5
21. Qd3 Qe6 22. Qf3 Qb6 23. b4 c4 24. Rfd1 a6 25. Na3 Rbc7 26. Nc2 c3 27. Qd5
Rc4 28. a5 Qb8 1/2-1/2

[Event "BL 9293 Hamburg-Dortmund"]
[Site "?"]
[Date "1993.??.??"]
[Round "?.8"]
[White "Heinemann, T."]
[Black "Illner, A."]
[Result "1/2-1/2"]
[WhiteElo "2390"]
[BlackElo "2320"]
[PlyCount "27"]
[EventDate "1993.??.??"]

1. e4 e6 2. d4 d5 3. Nd2 dxe4 4. Nxe4 Bd7 5. Nf3 Bc6 6. Bd3 Nd7 7. O-O Ngf6 8.
Nxf6+ Qxf6 9. c3 Bxf3 10. Qxf3 Qxf3 11. gxf3 Bd6 12. Re1 O-O 13. Bg5 c6 14.
Rad1 1/2-1/2

[Event "BL 9293 Delmenhorst-Solingen"]
[Site "?"]
[Date "1993.??.??"]
[Round "?.1"]
[White "Chandler, M."]
[Black "Hausner, I."]
[Result "0-1"]
[WhiteElo "2555"]
[BlackElo "2480"]
[PlyCount "75"]
[EventDate "1993.??.??"]

1. e4 c5 2. Nc3 Nc6 3. g3 g6 4. Bg2 Bg7 5. d3 d6 6. f4 e6 7. Nf3 Nge7 8. O-O
O-O 9. Be3 Nd4 10. e5 Nef5 11. Bf2 Rb8 12. Ne4 Nxf3+ 13. Qxf3 dxe5 14. Bxc5 Nd4
15. Qf2 exf4 16. Bxf8 Qxf8 17. gxf4 b6 18. c3 Nf5 19. Rad1 Ba6 20. Rfe1 Rd8 21.
d4 Bc4 22. b3 Ba6 23. Ng5 Qd6 24. Kh1 h6 25. Ne4 Qc7 26. Rc1 Ne7 27. Ng3 h5 28.
Rg1 Kh8 29. Be4 Bh6 30. Ne2 Nd5 31. c4 Nf6 32. Bg2 Ng4 33. Qg3 Bg7 34. Rcd1 Bb7
35. h3 Bxg2+ 36. Rxg2 Nh6 37. Qf3 Nf5 38. Qe4 {Zeit} 0-1

[Event "BL 9293 Delmenhorst-Solingen"]
[Site "?"]
[Date "1993.??.??"]
[Round "?.2"]
[White "Pekarek, A."]
[Black "Podzielny, KH."]
[Result "0-1"]
[WhiteElo "2440"]
[BlackElo "2450"]
[PlyCount "86"]
[EventDate "1993.??.??"]

1. Nf3 Nf6 2. c4 g6 3. Nc3 Bg7 4. e4 d6 5. d4 O-O 6. Be2 e5 7. O-O Na6 8. Be3
Ng4 9. Bg5 Qe8 10. dxe5 dxe5 11. Nd5 f6 12. Bd2 c6 13. Ne3 Qe7 14. Qc2 Rd8 15.
Rfd1 Be6 16. h3 Nxe3 17. Bxe3 Rxd1+ 18. Rxd1 Nb4 19. Qb3 c5 20. a3 Nc6 21. Qb5
Bf8 22. b4 cxb4 23. axb4 Nxb4 24. Rd2 b6 25. Nh2 Rd8 26. Rxd8 Qxd8 27. Bg4 Bf7
28. c5 bxc5 29. Bxc5 Bxc5 30. Qxc5 Qb6 31. Qxb6 axb6 32. Bd7 Bc4 33. Ng4 Kf7
34. Ne3 Bd3 35. f3 Ke7 36. Ba4 Kd6 37. Kf2 f5 38. exf5 gxf5 39. f4 exf4 40. Nd1
Ke5 41. Nc3 Nd5 42. Nd1 b5 43. Bb3 Kd4 0-1